The wisdom of muhammad / (Record no. 348028)

000 -LEADER
fixed length control field 00723 a2200241 4500
003 - CONTROL NUMBER IDENTIFIER
control field OSt
005 - DATE AND TIME OF LATEST TRANSACTION
control field 20180116182908.0
008 - FIXED-LENGTH DATA ELEMENTS--GENERAL INFORMATION
fixed length control field 160427b xxu||||| |||| 00| 0 eng d
020 ## - INTERNATIONAL STANDARD BOOK NUMBER
International Standard Book Number 0806522488 (paperback)
020 ## - INTERNATIONAL STANDARD BOOK NUMBER
International Standard Book Number 9780806522487 (paperback)
040 ## - CATALOGING SOURCE
Transcribing agency 0
082 04 - DEWEY DECIMAL CLASSIFICATION NUMBER
Classification number 297
100 ## - MAIN ENTRY--PERSONAL NAME
Personal name Allama Al-Mamun.
245 14 - TITLE STATEMENT
Title The wisdom of muhammad /
Statement of responsibility, etc. Allama Al-mamun, Mahatma Gandhi.
260 ## - PUBLICATION, DISTRIBUTION, ETC.
Place of publication, distribution, etc. [S.l.] :
Name of publisher, distributor, etc. Citadel,
Date of publication, distribution, etc. 2001.
300 ## - PHYSICAL DESCRIPTION
Extent 128 p. ;
Dimensions 22 cm.
490 1# - SERIES STATEMENT
Series statement Wisdom library.
700 1# - ADDED ENTRY--PERSONAL NAME
Personal name Al-mamun, Allama.
700 1# - ADDED ENTRY--PERSONAL NAME
Personal name Gandhi, Mahatma.
830 #0 - SERIES ADDED ENTRY--UNIFORM TITLE
Uniform title Wisdom library.
856 40 - ELECTRONIC LOCATION AND ACCESS
Materials specified Amazon.com
Uniform Resource Identifier <a href="http://www.amazon.com/exec/obidos/ASIN/0806522488/chopaconline-20">http://www.amazon.com/exec/obidos/ASIN/0806522488/chopaconline-20</a>
942 ## - ADDED ENTRY ELEMENTS (KOHA)
Institution code [OBSOLETE] NBS
Koha item type Book
Call number prefix 297.63 ABD
Source of classification or shelving scheme
Holdings
Withdrawn status Lost status Source of classification or shelving scheme Damaged status Not for loan Permanent Location Current Location Shelving location Date acquired Full call number Barcode Date last seen Price effective from Koha item type Public note
  Write Off       Central Library (CL) Central Library (CL) First Floor - Islam 08/28/2013 297.63 ABD NBS7105 08/28/2013 08/28/2013 Book Write off File No.0908/IRC/NBS Dated Aug 16, 2018
© 2023 Central Library, National University of Sciences and Technology. All Rights Reserved.